000 00598nam a2200181Ia 4500
008 151018s9999 xx 000 0 und d
082 _bRBASDV60852
_a891.463
100 _aसुमन क्षेत्रमाडे
245 _aजीवनस्वप्न
250 _b1
260 _bविमल प्रकाशन
_c2011
300 _a540
600 _aसुमन क्षेत्रमाडे
630 _aजीवनस्वप्न
700 _aसुमन क्षेत्रमाडे
730 _aजीवनस्वप्न
942 _cBOOK
999 _c1054353
_d1054350